<?xml version="1.0" encoding="UTF-8"?><?xml-stylesheet type="text/xsl" href="static/style.xsl"?><OAI-PMH xmlns="http://www.openarchives.org/OAI/2.0/" xmlns:xsi="http://www.w3.org/2001/XMLSchema-instance" xsi:schemaLocation="http://www.openarchives.org/OAI/2.0/ http://www.openarchives.org/OAI/2.0/OAI-PMH.xsd"><responseDate>2026-04-18T00:34:35Z</responseDate><request verb="GetRecord" identifier="oai:www.recercat.cat:2445/119589" metadataPrefix="marc">https://recercat.cat/oai/request</request><GetRecord><record><header><identifier>oai:recercat.cat:2445/119589</identifier><datestamp>2025-11-19T20:44:44Z</datestamp><setSpec>com_2072_1057</setSpec><setSpec>col_2072_478859</setSpec><setSpec>col_2072_478917</setSpec></header><metadata><record xmlns="http://www.loc.gov/MARC21/slim" xmlns:dcterms="http://purl.org/dc/terms/" xmlns:xsi="http://www.w3.org/2001/XMLSchema-instance" xmlns:doc="http://www.lyncode.com/xoai" xsi:schemaLocation="http://www.loc.gov/MARC21/slim http://www.loc.gov/standards/marcxml/schema/MARC21slim.xsd">
   <leader>00925njm 22002777a 4500</leader>
   <datafield ind2=" " ind1=" " tag="042">
      <subfield code="a">dc</subfield>
   </datafield>
   <datafield ind2=" " ind1=" " tag="720">
      <subfield code="a">Esteller Moré, Alejandro</subfield>
      <subfield code="e">author</subfield>
   </datafield>
   <datafield ind2=" " ind1=" " tag="260">
      <subfield code="c">2018-02-05T16:10:24Z</subfield>
   </datafield>
   <datafield ind2=" " ind1=" " tag="260">
      <subfield code="c">2018-02-05T16:10:24Z</subfield>
   </datafield>
   <datafield ind2=" " ind1=" " tag="260">
      <subfield code="c">2004</subfield>
   </datafield>
   <datafield ind2=" " ind1=" " tag="520">
      <subfield code="a">In 1969, Shoup postulated that the presence of interrelated taxes in a tax system would reinforce the tax penalty system ("self-reinforcing penalty system of taxes"). In this paper, we have tried to formally develop this idea. We find that in order for tax reinforcement to be maintained, it is necessary for interrelated taxes to be administered by a single tax administration, or if they are administered by different tax administrations, the level of collaboration between them has to be sufficiently high. If so, tax evasion in interrelated taxes might be considered as an alternative explanation for the gap between the levels of tax evasion that can be guessed in practice and the much higher levels predicted by the classical tax evasion theory (Allingham and Sandmo, 1972; Yitzhaki, 1974). Otherwise, the result anticipated by Shoup may even be reversed. Moreover, as long as collaboration is imperfect, the classical results of the comparative statics might change, since in some cases, although global tax compliance increases when faced with a variation in a tax parameter, it can decrease in a single tax.</subfield>
   </datafield>
   <datafield tag="653" ind2=" " ind1=" ">
      <subfield code="a">Frau fiscal</subfield>
   </datafield>
   <datafield tag="653" ind2=" " ind1=" ">
      <subfield code="a">Sancions tributàries</subfield>
   </datafield>
   <datafield tag="653" ind2=" " ind1=" ">
      <subfield code="a">Tax evasion</subfield>
   </datafield>
   <datafield tag="653" ind2=" " ind1=" ">
      <subfield code="a">Tax penalties</subfield>
   </datafield>
   <datafield ind2="0" ind1="0" tag="245">
      <subfield code="a">Tax Evasion in Interrelated Taxes</subfield>
   </datafield>
</record></metadata></record></GetRecord></OAI-PMH>